Vysokoúčinná nitritácia ako alternatívny proces odstraňovania dusíka
Salvato in:
| Autore principale: | |
|---|---|
| Altri autori: | |
| Natura: | Manoscritto Libro |
| Lingua: | slovacco |
| Pubblicazione: |
2020
|
| Soggetti: | |
| Accesso online: | http://is.stuba.sk/zp/portal_zp.pl?podrobnosti=150981 |
| Tags: |
Nessun Tag, puoi essere il primo ad aggiungerne!!
|
MARC
| LEADER | 00000ntm a22000003a 4500 | ||
|---|---|---|---|
| 001 | stuzp78910 | ||
| 003 | SK-STU | ||
| 005 | 20200627210502.6 | ||
| 007 | ta | ||
| 008 | 150427s2015----xo-----f-mn---000-0-slo-d | ||
| 040 | |a STU |b slo | ||
| 041 | 0 | |a slo | |
| 100 | 1 | |a Bavaresco, Nikola |u 046290 |4 aut |U FCHPT Ústav chemického a environmentálneho inžinierstva |T FCHPT Oddelenie environmentálneho inžinierstva |X 76112 |U C6290 |Y 120 |7 76112 | |
| 242 | 0 | 1 | |a High efficient nitritation as an alternative process of nitrogen removal |y eng |
| 245 | 1 | 0 | |a Vysokoúčinná nitritácia ako alternatívny proces odstraňovania dusíka |
| 260 | |c 2020 | ||
| 650 | 4 | |a AOB |2 slo | |
| 650 | 4 | |a inhibícia NOB |2 slo | |
| 650 | 4 | |a kalová voda |2 slo | |
| 650 | 4 | |a nitritácia – denitritácia |2 slo | |
| 650 | 4 | |a vplyv koncentrácie N-(NH3+NH4+) |2 slo | |
| 650 | 4 | |a vysoké koncentrácie dusíka |2 slo | |
| 650 | 4 | |a AOB |2 eng | |
| 650 | 4 | |a high concentration of nitrogen |2 eng | |
| 650 | 4 | |a influence of N-(NH3+NH4+) concentration |2 eng | |
| 650 | 4 | |a nitritation - denitritation |2 eng | |
| 650 | 4 | |a NOB inhibition |2 eng | |
| 650 | 4 | |a reject sludge water |2 eng | |
| 700 | 1 | |a Drtil, Miloslav |u 046000 |k Z1 |4 ths |U FCHPT Fakulta chemickej a potravinárskej technológie |T FCHPT Ústav chemického a environmentálneho inžinierstva |X 3377 |U C6000 |Y 104 |7 A000003377 | |
| 856 | 4 | |u http://is.stuba.sk/zp/portal_zp.pl?podrobnosti=150981 | |